| 000 | 00470nam a2200181Ia 4500 | ||
|---|---|---|---|
| 001 | 12416 | ||
| 005 | 20260306162940.0 | ||
| 008 | 260306t2019||||xx |||||||||||||| ||spa|| | ||
| 041 | _aESP | ||
| 082 |
_aHR 346 _bMAY 2019 ACI |
||
| 110 | _aInstituto Pacífico | ||
| 245 | 0 |
_aActualidad civil: _bcivil - procesal civil - registral - inmobiliario |
|
| 260 | _c2019 | ||
| 300 |
_a395 páginas : _c25 cm. |
||
| 650 | _aGEN | ||
| 654 | _aCDE | ||
| 942 |
_cREV _dJUS _fJUS _2ddc _n |
||
| 999 |
_c12416 _d12416 |
||